000
00246nam a22001097a 4500
082
_a
954.01EAS'G
100
_a
EASTWICK, E. B
_9
79012
245
_a
A GLANCE AT SINDBEFORE NAPIER
260
_a
LONDON
_b
OXFORD
_c
1973
300
_a
377P
942
_c
BK
999
_c
584083
_d
584083